[Event "DSOL 2021"]
[Site "Germany"]
[Date "2021.03.02"]
[Round "5.1"]
[White "Gauer, Manuel"]
[Black "von Zimmermann, Georg"]
[Result "1-0"]
[WhiteElo "1963"]
[BlackElo "2094"]
[Annotator "TA"]
[PlyCount "101"]
[EventDate "2021.01.18"]
[EventType "team-tourn"]
[EventCountry "GER"]
[SourceTitle "playchess.com"]
[Source "ChessBase"]
[SourceQuality "1"]

1. d4 Nf6 2. c4 g6 3. Nf3 Bg7 4. Nc3 O-O 5. e4 d6 6. Be2 e5 7. dxe5 dxe5 8. Qxd8 Rxd8 9. Bg5 Re8 10. Nd5 Nxd5 11. cxd5 h6 12. Be3 c6 13. Bc4 cxd5 14. Bxd5 Nd7 15. Nd2 Bf8 16. f3 Nc5 17. Ke2 Be6 18. Rac1 Rac8 19. Bxe6 Nxe6 20. g3 Kg7 21. Nc4 f6 22. Rhd1 Red8 23. b3 b5 24. Na5 Rxc1 25. Rxc1 Rd7 26. Rc8 Kf7 27. Nc6 a6 28. Ra8 Rc7 29. Rxa6 Ke8 30. Nxe5 fxe5 31. Rxe6+ Kf7 32. Rxe5 Rc2+ 33. Kd3 Rxa2 34. Rxb5 Rxh2 35. Rb7+ Ke6 36. Rb6+ Kf7 37. Bd4 h5 38. b4 g5 39. b5 Ra2 40. Ra6 Rg2 41. Be5 Bc5 42. Rf6+ Ke7 43. b6 Rxg3 44. Bxg3 Kxf6 45. b7 Ba7 46. b8=Q Bxb8 47. Bxb8 g4 48. fxg4 hxg4 49. Kd4 Kg5 50. Bg3 Kf6 51. Kd5 1-0

[Event "DSOL 2021"]
[Site "Germany"]
[Date "2021.03.02"]
[Round "5.1"]
[White "Haensel, Marvin"]
[Black "Semenchenko, Dimitri"]
[Result "1-0"]
[WhiteElo "1953"]
[BlackElo "1584"]
[Annotator "TA"]
[PlyCount "41"]
[EventDate "2021.01.18"]
[EventType "team-tourn"]
[EventCountry "GER"]
[SourceTitle "playchess.com"]
[Source "ChessBase"]
[SourceQuality "1"]

1. d4 Nf6 2. c4 g6 3. Nf3 d5 4. g3 Bg7 5. Bg2 c6 6. Nc3 O-O 7. O-O Bf5 8. Bf4 Nbd7 9. Rc1 dxc4 10. Re1 Ne4 11. Nh4 Ndf6 12. Nxf5 gxf5 13. Nxe4 Nxe4 14. Rxc4 Qb6 15. Bxe4 fxe4 16. Rc5 Qxb2 17. e3 Rad8 18. Qg4 Kh8 19. Rh5 Rd5 20. Be5 Bxe5 21. Qf5 1-0

[Event "DSOL 2021"]
[Site "Germany"]
[Date "2021.03.02"]
[Round "5.1"]
[White "Planner, Joerg"]
[Black "Lehmann, Alexander"]
[Result "0-1"]
[WhiteElo "1941"]
[BlackElo "2000"]
[Annotator "TA"]
[PlyCount "98"]
[EventDate "2021.01.18"]
[EventType "team-tourn"]
[EventCountry "GER"]
[SourceTitle "playchess.com"]
[Source "ChessBase"]
[SourceQuality "1"]

1. d4 Nf6 2. c4 g6 3. f3 d5 4. cxd5 Nxd5 5. e4 Nb6 6. Nc3 Bg7 7. Be3 O-O 8. Qd2 e5 9. d5 c6 10. h4 cxd5 11. exd5 h5 12. Bh6 N8d7 13. Bxg7 Kxg7 14. g4 Nf6 15. gxh5 Nxh5 16. O-O-O Bf5 17. Bh3 Qf6 18. Qg5 Qxg5+ 19. hxg5 Ng3 20. Rh2 Rh8 21. Rg2 Bxh3 22. Rxg3 Bf5 23. Rg2 Rac8 24. Re2 Nd7 25. Kd2 Rh5 26. Rg2 Nb6 27. Kc1 Na4 28. Nge2 b5 29. d6 b4 30. d7 Bxd7 31. Rxd7 bxc3 32. b3 Nc5 33. Rd5 Rh3 34. Ng1 Rh1 35. Kc2 Ne6 36. Ne2 Ra1 37. Ra5 Nd4+ 38. Nxd4 exd4 39. Re2 Rd8 40. Re7 d3+ 41. Kxc3 Rc1+ 42. Kb4 d2 43. Raxa7 Rf8 44. Rad7 d1=Q 45. Rxd1 Rxd1 46. a4 Rb8+ 47. Kc4 Rc1+ 48. Kd3 Rxb3+ 49. Kd2 Ra1 0-1

[Event "DSOL 2021"]
[Site "Germany"]
[Date "2021.03.03"]
[Round "5.1"]
[White "Reuter, Maximilian"]
[Black "Bruziks, George"]
[Result "1-0"]
[WhiteElo "1897"]
[BlackElo "1995"]
[Annotator "TA"]
[PlyCount "31"]
[EventDate "2021.01.18"]
[EventType "team-tourn"]
[EventCountry "GER"]
[SourceTitle "playchess.com"]
[Source "ChessBase"]
[SourceQuality "1"]

1. d4 d5 2. Bf4 c5 3. e3 Nc6 4. c3 Qb6 5. Qb3 c4 6. Qc2 Nf6 7. Nd2 g6 8. e4 e6 9. e5 Nh5 10. Be3 Qc7 11. h4 Ng7 12. Bh6 Nf5 13. Bxf8 Ncxd4 14. cxd4 Nxd4 15. Qc3 Qxe5+ 16. Ne2 1-0

[Event "DSOL 2021"]
[Site "Germany"]
[Date "2021.03.03"]
[Round "5.1"]
[White "Lippert, Frank"]
[Black "Borchert, Chris"]
[Result "1-0"]
[WhiteElo "1895"]
[BlackElo "2143"]
[Annotator "TA"]
[PlyCount "57"]
[EventDate "2021.01.18"]
[EventType "team-tourn"]
[EventCountry "GER"]
[SourceTitle "playchess.com"]
[Source "ChessBase"]
[SourceQuality "1"]

1. d4 Nf6 2. Nf3 b6 3. g3 Bb7 4. Bg2 e6 5. c4 Bb4+ 6. Nbd2 O-O 7. O-O Bxd2 8. Bxd2 h6 9. d5 Re8 10. Nd4 exd5 11. Nf5 Ne4 12. cxd5 Qf6 13. g4 Qxb2 14. Bxe4 Rxe4 15. f3 Rc4 16. Rc1 Rxc1 17. Bxc1 Qc3 18. e4 Na6 19. Rf2 f6 20. Bb2 Qc5 21. h4 Rf8 22. Qd2 Kh7 23. g5 fxg5 24. hxg5 Rxf5 25. exf5 Bxd5 26. g6+ Kg8 27. Ba3 Qc6 28. Re2 d6 29. Qxd5+ 1-0

[Event "DSOL 2021"]
[Site "Germany"]
[Date "2021.03.04"]
[Round "5.1"]
[White "Wiedenbruch, Paul"]
[Black "Leibovitch, Iziaslav"]
[Result "1-0"]
[WhiteElo "1894"]
[BlackElo "2074"]
[Annotator "TA"]
[PlyCount "67"]
[EventDate "2021.01.18"]
[EventType "team-tourn"]
[EventCountry "GER"]
[SourceTitle "playchess.com"]
[Source "ChessBase"]
[SourceQuality "1"]

1. e4 d6 2. d4 Nf6 3. Nc3 g6 4. Be3 c6 5. Qd2 b5 6. f3 Nbd7 7. O-O-O b4 8. Nce2 a5 9. g4 Nb6 10. Ng3 h5 11. gxh5 Nxh5 12. Nxh5 Rxh5 13. h4 Be6 14. Kb1 Na4 15. Ne2 Qb8 16. Ka1 Rh8 17. Nf4 Bd7 18. h5 Bg7 19. Bd3 g5 20. Ne2 Qb6 21. Rdg1 c5 22. Bxg5 Bxd4 23. Nxd4 cxd4 24. h6 Be6 25. h7 Kd7 26. Bxe7 Kxe7 27. Qg5+ Kd7 28. Bb5+ Kc8 29. Bxa4 Kb7 30. Qe7+ Ka6 31. Rg5 Bc4 32. Rh6 Rad8 33. Bd7 d3 34. Rxd6 1-0

[Event "DSOL 2021"]
[Site "Germany"]
[Date "2021.03.05"]
[Round "5.1"]
[White "Machelett, Heiko"]
[Black "Krause, Ullrich"]
[Result "1-0"]
[WhiteElo "1886"]
[BlackElo "2208"]
[Annotator "TA"]
[PlyCount "77"]
[EventDate "2021.01.18"]
[EventType "team-tourn"]
[EventCountry "GER"]
[SourceTitle "playchess.com"]
[Source "ChessBase"]
[SourceQuality "1"]
[WhiteTeam "fuß brothers Jena I"]
[BlackTeam "Lübecker SV"]

1. c4 e6 2. Nc3 d5 3. d4 Nf6 4. Bg5 Be7 5. e3 h6 6. Bxf6 Bxf6 7. Nf3 O-O 8. Rc1 c6 9. Bd3 Nd7 10. O-O dxc4 11. Bxc4 e5 12. h3 exd4 13. exd4 Nb6 14. Bb3 Bf5 15. Re1 Qd6 16. Ne5 Rad8 17. Qf3 Bxe5 18. dxe5 Qg6 19. Ne4 Be6 20. Nc5 Rd2 21. Nxb7 Bd5 22. Bxd5 cxd5 23. Nd6 Rxb2 24. Qa3 Rc2 25. Qxa7 Nc4 26. Rxc2 Qxc2 27. Qd4 Qxa2 28. Qxd5 Qd2 29. Qxd2 Nxd2 30. Rc1 Rb8 31. Kh2 Rb1 32. Rc8+ Kh7 33. f4 Kg6 34. Rf8 f5 35. Kg3 Ne4+ 36. Nxe4 fxe4 37. f5+ Kg5 38. h4+ Kh5 39. e6 1-0

[Event "DSOL 2021"]
[Site "Germany"]
[Date "2021.03.01"]
[Round "5.1"]
[White "Serreck, Uwe"]
[Black "Plaettner, Stefan"]
[Result "1-0"]
[WhiteElo "1834"]
[BlackElo "1862"]
[Annotator "NA RC"]
[PlyCount "63"]
[EventDate "2021.01.18"]
[EventType "team-tourn"]
[EventCountry "GER"]
[SourceTitle "playchess.com"]
[Source "ChessBase"]
[SourceQuality "1"]

1. e4 d6 2. d4 Nf6 3. Nc3 c6 4. f4 Qa5 5. Bd3 e5 6. Nf3 Bg4 7. dxe5 dxe5 8. h3 Bxf3 9. Qxf3 Nbd7 10. Bd2 Qb6 11. O-O-O a5 12. g4 h6 13. g5 hxg5 14. fxg5 Nh5 15. Bc4 f6 16. Be6 O-O-O 17. Be3 Bc5 18. Bxc5 Qxc5 19. Rxd7 Rxd7 20. Rd1 Rhd8 21. Qxh5 Kc7 22. Rxd7+ Rxd7 23. Bxd7 Qe3+ 24. Kb1 Kxd7 25. gxf6 gxf6 26. a4 Ke7 27. Qh7+ Kd6 28. h4 b5 29. axb5 cxb5 30. Qc7+ Ke6 31. Qe7+ Kxe7 32. Nd5+ 1-0

[Event "DSOL 2021"]
[Site "Germany"]
[Date "2021.03.02"]
[Round "5.1"]
[White "Baeumer, Frank"]
[Black "Schmidt, Markus"]
[Result "1/2-1/2"]
[WhiteElo "1795"]
[BlackElo "2089"]
[Annotator "TA"]
[PlyCount "70"]
[EventDate "2021.01.18"]
[EventType "team-tourn"]
[EventCountry "GER"]
[SourceTitle "playchess.com"]
[Source "ChessBase"]
[SourceQuality "1"]

1. e4 Nf6 2. Nc3 d5 3. exd5 Nxd5 4. Bc4 Nb6 5. Bb3 Nc6 6. a4 a5 7. Qf3 e6 8. Nge2 Qf6 9. Qxf6 gxf6 10. Nb5 Kd8 11. d4 Nb4 12. Bf4 N4d5 13. Bg3 Bd7 14. Nf4 Nxf4 15. Bxf4 Bxb5 16. axb5 a4 17. Ba2 a3 18. bxa3 Bxa3 19. Bb3 Kd7 20. Ra2 Nd5 21. Bxd5 exd5 22. O-O Bd6 23. Rxa8 Rxa8 24. Bxd6 Kxd6 25. Rc1 Ra5 26. Kf1 Rxb5 27. Ke2 c5 28. dxc5+ Kxc5 29. Kd3 Ra5 30. Re1 Ra3+ 31. Kd2 Kd6 32. Rb1 Kc6 33. Re1 Kd6 34. Rb1 Kc6 35. Re1 Kd6 1/2-1/2

[Event "DSOL 2021"]
[Site "Germany"]
[Date "2021.03.05"]
[Round "5.1"]
[White "Gypser, Andreas"]
[Black "Arndt, Magnus"]
[Result "1-0"]
[WhiteElo "1767"]
[BlackElo "1620"]
[Annotator "NA RC"]
[PlyCount "155"]
[EventDate "2021.01.18"]
[EventType "team-tourn"]
[EventCountry "GER"]
[SourceTitle "playchess.com"]
[Source "ChessBase"]
[SourceQuality "1"]
[WhiteTeam "SK Ludwigshafen II"]
[BlackTeam "SK Doppelbauer Kiel"]

1. e4 e5 2. Nf3 Nc6 3. Bb5 a6 4. Bxc6 dxc6 5. O-O Bd6 6. d4 exd4 7. Nxd4 Ne7 8. Nc3 O-O 9. Qd3 c5 10. Nde2 Nc6 11. Bf4 Ne5 12. Qg3 f6 13. Rad1 Qe8 14. Nd5 Be6 15. b3 Kh8 16. Bxe5 Bxe5 17. f4 Bd6 18. e5 Bxd5 19. Rxd5 fxe5 20. fxe5 Rxf1+ 21. Kxf1 Qf7+ 22. Qf3 Qxf3+ 23. gxf3 Bf8 24. Rd7 Re8 25. f4 Re7 26. Rxe7 Bxe7 27. Kf2 Kg8 28. Kf3 Kf7 29. Ke4 g6 30. f5 gxf5+ 31. Kxf5 Bh4 32. Ng3 Be7 33. Ne4 h6 34. h3 c4 35. bxc4 Bb4 36. e6+ Kg7 37. Nf6 c6 38. Nh5+ Kf8 39. Kg6 Bd2 40. Ng7 Ke7 41. Kf5 b5 42. cxb5 axb5 43. Nh5 Bg5 44. Ng3 Be3 45. Ne2 Bc5 46. Nf4 Bd4 47. h4 Bc3 48. h5 Bd4 49. Ng6+ Kd6 50. Nf8 Bg7 51. Nd7 Bd4 52. Nf6 Be3 53. Ng4 Bg5 54. Ne5 Be3 55. Nd3 Bd4 56. Nf4 Bc3 57. Ng6 Bb2 58. e7 Kd7 59. e8=Q+ Kxe8 60. Ke6 Ba3 61. Ne5 c5 62. Nf7 Kf8 63. Nxh6 Kg7 64. Nf5+ Kh7 65. Nd6 b4 66. Nc4 Bc1 67. Kd5 Bg5 68. Kxc5 Be7+ 69. Kb5 Kh6 70. Nb6 Kxh5 71. Nd5 Bf8 72. Nxb4 Kg5 73. Nd5 Kf5 74. Kc6 Ke5 75. a4 Kd4 76. a5 Kc4 77. a6 Bc5 78. Nb6+ 1-0

[Event "DSOL 2021"]
[Site "Germany"]
[Date "2021.03.05"]
[Round "5.1"]
[White "Guzsvany, Arpad"]
[Black "Wulf von Moers, Jens"]
[Result "1-0"]
[WhiteElo "1729"]
[BlackElo "1679"]
[Annotator "NA RC"]
[PlyCount "119"]
[EventDate "2021.01.18"]
[EventType "team-tourn"]
[EventCountry "GER"]
[SourceTitle "playchess.com"]
[Source "ChessBase"]
[SourceQuality "1"]
[WhiteTeam "SU Ebersberg-Grafing"]
[BlackTeam "SC Wrist-Kellinghusen"]

1. d4 d5 2. Bf4 c5 3. e3 Nc6 4. c3 Nf6 5. Nd2 cxd4 6. exd4 Bf5 7. Ngf3 e6 8. Qb3 Qc8 9. Ne5 Be7 10. Be2 Nxe5 11. Bxe5 O-O 12. O-O Ne4 13. Nxe4 Bxe4 14. Rfe1 Rd8 15. a4 Bd6 16. Bxd6 Rxd6 17. a5 Rb8 18. Qb4 Qc7 19. Qc5 Qxc5 20. dxc5 Rc6 21. b4 a6 22. Red1 Rc7 23. f3 Bg6 24. Ra2 Kf8 25. Rad2 Ke7 26. c4 dxc4 27. Bxc4 Re8 28. Bb3 Kf6 29. Kf2 Bf5 30. g4 Bg6 31. h4 h5 32. g5+ Ke7 33. Ba4 Rb8 34. Rd7+ Rxd7 35. Rxd7+ Kf8 36. Rd6 Ke7 37. Rb6 Kd8 38. Ke3 Kc7 39. c6 bxc6 40. Rxb8 Kxb8 41. Bxc6 Kc7 42. Be8 e5 43. f4 exf4+ 44. Kxf4 Kd8 45. Bc6 Kc7 46. Bf3 f6 47. Be2 Kb7 48. gxf6 gxf6 49. Ke3 Be8 50. Kd4 Bc6 51. Bxh5 Bb5 52. Kd5 Kc7 53. Ke6 f5 54. Kxf5 Kd6 55. Bf3 Ke7 56. Ke5 Kf7 57. Kd6 Kg6 58. Kc7 Kf5 59. Kb6 Kf4 60. Bb7 1-0

[Event "DSOL 2021"]
[Site "Germany"]
[Date "2021.03.05"]
[Round "5.1"]
[White "Baerwolf, Steven"]
[Black "Royal, Shreyas"]
[Result "0-1"]
[WhiteElo "1721"]
[BlackElo "2121"]
[Annotator "TA"]
[PlyCount "116"]
[EventDate "2021.01.18"]
[EventType "team-tourn"]
[EventCountry "GER"]
[SourceTitle "playchess.com"]
[Source "ChessBase"]
[SourceQuality "1"]
[WhiteTeam "SV Horst-Emscher I"]
[BlackTeam "SV Erkenschwick I"]

1. d4 Nf6 2. c4 g6 3. Nc3 Bg7 4. e4 d6 5. Nf3 O-O 6. Be2 e5 7. O-O Nc6 8. Be3 Ng4 9. Bg5 f6 10. Bc1 exd4 11. Nxd4 Nxd4 12. Bxg4 Bxg4 13. Qxg4 Qc8 14. Qd1 f5 15. Be3 Nc6 16. c5 f4 17. Qd5+ Kh8 18. Bd2 f3 19. cxd6 fxg2 20. Rfd1 Qh3 21. Qg5 Rxf2 22. Kxf2 Rf8+ 23. Bf4 Bh6 24. Qg3 Rxf4+ 25. Kg1 Rf1+ 26. Rxf1 gxf1=Q+ 27. Rxf1 Be3+ 28. Rf2 Qxg3+ 29. hxg3 cxd6 30. Nb5 Ne5 31. Kg2 Bxf2 32. Kxf2 Nd3+ 33. Ke3 Nxb2 34. Kd4 Kg7 35. Nxd6 Kf6 36. e5+ Ke6 37. Nxb7 Na4 38. Nd8+ Kd7 39. Nf7 Ke7 40. Ng5 h6 41. Nf3 Ke6 42. Nh4 Kf7 43. g4 Nb6 44. Ke4 Nd7 45. Nf3 h5 46. g5 Ke6 47. Nd4+ Ke7 48. Ne2 Nc5+ 49. Kd5 Ne6 50. a4 h4 51. Ke4 h3 52. Kf3 Nxg5+ 53. Kg4 h2 54. Ng3 Ne4 55. Nh1 Ke6 56. Kf4 Nc5 57. Kg5 Kxe5 58. Nf2 Ne4+ 0-1

[Event "DSOL 2021"]
[Site "Germany"]
[Date "2021.03.04"]
[Round "5.1"]
[White "Juelg, Gabriel"]
[Black "Altenhof, Martin"]
[Result "1-0"]
[WhiteElo "1667"]
[BlackElo "2198"]
[Annotator "TA"]
[PlyCount "79"]
[EventDate "2021.01.18"]
[EventType "team-tourn"]
[EventCountry "GER"]
[SourceTitle "playchess.com"]
[Source "ChessBase"]
[SourceQuality "1"]

1. d4 Nf6 2. c4 g6 3. g3 Bg7 4. Bg2 O-O 5. Nc3 d6 6. Nf3 Nbd7 7. O-O e5 8. e4 c6 9. h3 Re8 10. d5 cxd5 11. cxd5 Nc5 12. Nd2 a5 13. Nc4 b5 14. Nxb5 Nfxe4 15. Re1 Ba6 16. a4 Bxb5 17. axb5 f5 18. Bxe4 Nxe4 19. b6 Nc5 20. Be3 Nb7 21. Qa4 Qf6 22. Qc6 Qe7 23. Qb5 Qf7 24. Nxa5 f4 25. gxf4 exf4 26. Bd2 Rxe1+ 27. Rxe1 Nc5 28. b4 Qxd5 29. bxc5 Qxd2 30. Re8+ Rxe8 31. Qxe8+ Bf8 32. Qe6+ Kg7 33. b7 Qd1+ 34. Kg2 Qb1 35. c6 Qb6 36. Qd7+ Kh6 37. Nc4 Qb1 38. Nd2 Qb6 39. Nf3 d5 40. c7 1-0

[Event "DSOL 2021"]
[Site "Germany"]
[Date "2021.03.04"]
[Round "5.1"]
[White "Nolte, Gerhard"]
[Black "Pruefer, Friedbert"]
[Result "1/2-1/2"]
[WhiteElo "1660"]
[BlackElo "1744"]
[Annotator "NA RC"]
[PlyCount "107"]
[EventDate "2021.01.18"]
[EventType "team-tourn"]
[EventCountry "GER"]
[SourceTitle "playchess.com"]
[Source "ChessBase"]
[SourceQuality "1"]

1. c4 Nf6 2. Nf3 g6 3. g3 c6 4. Bg2 Bg7 5. O-O O-O 6. d4 d5 7. Nc3 dxc4 8. Ne5 Ng4 9. Nxg4 Bxg4 10. h3 Be6 11. e3 Nd7 12. Qe2 Nb6 13. Rd1 Nd5 14. e4 Nxc3 15. bxc3 Qa5 16. Bd2 Rfd8 17. Be1 Rab8 18. a4 Rd7 19. g4 f6 20. f4 Bf7 21. Qf3 Rbd8 22. f5 e5 23. fxe6 Bxe6 24. Bh4 g5 25. Bf2 Qc7 26. Bg3 Qa5 27. Bf2 Qc7 28. a5 Qc8 29. Bg3 b5 30. axb6 axb6 31. Rdb1 b5 32. Ra5 Rb7 33. Qe2 Qd7 34. Bf3 b4 35. d5 bxc3 36. Rc1 cxd5 37. exd5 Bf7 38. Qxc4 Rc8 39. Rc5 Rxc5 40. Qxc5 Rb5 41. Qc6 Qa7+ 42. Bf2 Qa5 43. Qc8+ Bf8 44. d6 Kg7 45. d7 Be7 46. Qxc3 Qxc3 47. Rxc3 Bd5 48. Bxd5 Rxd5 49. Rc7 Kg6 50. Rb7 h5 51. Kg2 hxg4 52. hxg4 f5 53. Rb6+ Kf7 54. gxf5 1/2-1/2

[Event "DSOL 2021"]
[Site "Germany"]
[Date "2021.03.01"]
[Round "5.1"]
[White "Ophuels, Jan"]
[Black "Skibbe, Willi"]
[Result "0-1"]
[WhiteElo "1648"]
[BlackElo "2187"]
[Annotator "RC"]
[PlyCount "68"]
[EventDate "2021.01.18"]
[EventType "team-tourn"]
[EventCountry "GER"]
[SourceTitle "playchess.com"]
[Source "ChessBase"]
[SourceQuality "1"]

1. Nf3 d5 2. c4 d4 3. b4 f6 4. e3 e5 5. Qb3 c5 6. bxc5 Nc6 7. Ba3 f5 8. Be2 Nf6 9. O-O Be7 10. exd4 exd4 11. d3 O-O 12. Re1 Nd7 13. Nbd2 Nxc5 14. Qb5 a6 15. Qb2 Bd6 16. Bxc5 Bxc5 17. Nb3 Bb4 18. Rec1 Bc3 19. Rxc3 dxc3 20. Qxc3 g5 21. d4 g4 22. Ne1 Qf6 23. Rd1 f4 24. Qc1 Bd7 25. Bd3 Rae8 26. Bb1 g3 27. Qc2 Qh6 28. h3 Re7 29. Nc5 Nxd4 30. Qd2 Ne2+ 31. Kf1 Bxh3 32. Qd5+ Be6 33. Nxe6 Rxe6 34. Be4 Nc3 0-1

[Event "DSOL 2021"]
[Site "Germany"]
[Date "2021.03.01"]
[Round "5.1"]
[White "Möeller, David"]
[Black "Kottke, Markus"]
[Result "0-1"]
[WhiteElo "1620"]
[BlackElo "2198"]
[Annotator "TA"]
[PlyCount "42"]
[EventDate "2021.01.18"]
[EventType "team-tourn"]
[EventCountry "GER"]
[SourceTitle "playchess.com"]
[Source "ChessBase"]
[SourceQuality "1"]

1. e4 c5 2. Nf3 d6 3. d4 cxd4 4. Nxd4 Nf6 5. Nc3 e6 6. f3 a6 7. Be3 b5 8. Qd2 Nbd7 9. g4 Nb6 10. g5 Nfd7 11. Bd3 Bb7 12. O-O-O Rc8 13. Kb1 Ne5 14. h4 Nec4 15. Bxc4 Nxc4 16. Qd3 Qa5 17. Rc1 Be7 18. Bd2 O-O 19. Be1 b4 20. Nce2 d5 21. Nb3 dxe4 0-1

[Event "DSOL 2021"]
[Site "Germany"]
[Date "2021.03.04"]
[Round "5.1"]
[White "Flach, Erich"]
[Black "Eilenberg, Jonas"]
[Result "0-1"]
[WhiteElo "1546"]
[BlackElo "2155"]
[Annotator "TA"]
[PlyCount "100"]
[EventDate "2021.01.18"]
[EventType "team-tourn"]
[EventCountry "GER"]
[SourceTitle "playchess.com"]
[Source "ChessBase"]
[SourceQuality "1"]

1. c4 e6 2. Nc3 d5 3. d4 c6 4. e4 dxe4 5. Nxe4 Bb4+ 6. Bd2 Qxd4 7. Bxb4 Qxe4+ 8. Be2 Na6 9. Bd6 Qxg2 10. Qd2 Qxh1 11. O-O-O Qe4 12. Be7 Qd5 13. cxd5 Nxe7 14. dxc6 O-O 15. cxb7 Bxb7 16. Bxa6 Rfc8+ 17. Kb1 Bxa6 18. Qd6 Nc6 19. Rc1 Nb4 20. Rxc8+ Rxc8 21. b3 Bd3+ 22. Kb2 a5 23. Ka3 h6 24. Ka4 Rc2 25. a3 Nd5 26. Kxa5 Rc8 27. Qxd5 exd5 28. Nf3 Be4 29. Nd4 g5 30. Kb6 f5 31. a4 Bd3 32. a5 Ra8 33. b4 Rb8+ 34. Kc5 Rc8+ 35. Kxd5 Be4+ 36. Ke5 Rc4 37. f3 Ba8 38. b5 Rc5+ 39. Kf6 Rd5 40. Nxf5 Rxb5 41. Nxh6+ Kh7 42. Nf7 Rxa5 43. Nxg5+ Kh6 44. f4 Bd5 45. f5 Kh5 46. Ne6 Ra6 47. Kf7 Kg4 48. Kf6 Bb3 49. Ke7 Bxe6 50. fxe6 Kf5 0-1

[Event "DSOL 2021"]
[Site "Germany"]
[Date "2021.03.05"]
[Round "5.2"]
[White "Wessendorf, Thomas"]
[Black "Bluebaum, Matthias"]
[Result "0-1"]
[WhiteElo "2252"]
[BlackElo "2672"]
[Annotator "TA"]
[PlyCount "82"]
[EventDate "2021.01.18"]
[EventType "team-tourn"]
[EventCountry "GER"]
[SourceTitle "playchess.com"]
[Source "ChessBase"]
[SourceQuality "1"]
[WhiteTeam "Essen-Katernberg I"]
[BlackTeam "SF Deizisau I"]

1. e4 c6 2. d4 d5 3. Nc3 dxe4 4. Nxe4 Nf6 5. Nxf6+ exf6 6. c3 Bf5 7. Bc4 Bd6 8. Ne2 O-O 9. O-O Nd7 10. Bf4 Qc7 11. Bxd6 Qxd6 12. Ng3 Bg6 13. Qf3 Nb6 14. Bb3 a5 15. a3 a4 16. Ba2 Rfe8 17. Rfe1 Nd5 18. Rad1 Nf4 19. Re3 Rxe3 20. fxe3 Ne6 21. Nf5 Qc7 22. h4 Re8 23. Rf1 Nf8 24. Nxg7 Kxg7 25. h5 Qe7 26. hxg6 hxg6 27. e4 Ne6 28. Qg3 Ng5 29. Bb1 Nxe4 30. Qf4 Nd6 31. Bc2 b5 32. Rf3 Qe1+ 33. Kh2 Rh8+ 34. Rh3 Rxh3+ 35. Kxh3 Nc4 36. Be4 Nxb2 37. Qf3 Nd1 38. Bxc6 Qh1+ 39. Kg3 g5 40. Kg4 Qh4+ 41. Kf5 Nf2 0-1

[Event "DSOL 2021"]
[Site "Germany"]
[Date "2021.03.01"]
[Round "5.2"]
[White "Wehner, Roland"]
[Black "Schramm, Christian"]
[Result "0-1"]
[WhiteElo "2250"]
[BlackElo "1909"]
[Annotator "TA"]
[PlyCount "98"]
[EventDate "2021.01.18"]
[EventType "team-tourn"]
[EventCountry "GER"]
[SourceTitle "playchess.com"]
[Source "ChessBase"]
[SourceQuality "1"]

1. e4 c6 2. d4 d5 3. exd5 cxd5 4. Bd3 Nc6 5. c3 Nf6 6. Bf4 Bg4 7. Qb3 e5 8. dxe5 Nh5 9. Be3 Nxe5 10. Bb5+ Nc6 11. Nd2 Be6 12. Qa4 Qc7 13. Ngf3 Bd6 14. Nd4 Bd7 15. c4 O-O 16. cxd5 Nxd4 17. Bxd4 Bxb5 18. Qxb5 Rfe8+ 19. Be3 Bf4 20. Nf1 Rad8 21. Rd1 Nf6 22. g3 Bh6 23. d6 Rxd6 24. Rxd6 Qxd6 25. Qxb7 Nd5 26. Ke2 Rb8 27. Qxa7 Rxb2+ 28. Kf3 Nxe3 29. Nxe3 Qc6+ 30. Kg4 Qxh1 31. Qd4 Rb8 32. Nd5 Qe1 33. f4 Qe6+ 34. f5 Qe2+ 35. Kh3 Rb2 36. Ne7+ Qxe7 37. Qxb2 g6 38. f6 Qe6+ 39. Kg2 Qe4+ 40. Kh3 Bf8 41. Qb5 Qe6+ 42. g4 h5 43. Qg5 Bh6 44. Qh4 Bf4 45. a4 Qe2 46. gxh5 Qf3+ 47. Qg3 Bxg3 48. hxg3 gxh5 49. a5 Qh1# 0-1

[Event "DSOL 2021"]
[Site "Germany"]
[Date "2021.03.04"]
[Round "5.2"]
[White "Brock, Friedemann"]
[Black "Wilting, Alexander"]
[Result "1-0"]
[WhiteElo "2249"]
[BlackElo "2072"]
[Annotator "TA"]
[PlyCount "47"]
[EventDate "2021.01.18"]
[EventType "team-tourn"]
[EventCountry "GER"]
[SourceTitle "playchess.com"]
[Source "ChessBase"]
[SourceQuality "1"]

1. d4 d5 2. c4 e6 3. Nc3 Nf6 4. Bg5 Nbd7 5. e3 c6 6. Nf3 Qa5 7. Qb3 Ne4 8. Bf4 g5 9. Bg3 h5 10. h4 g4 11. Nd2 Nxg3 12. fxg3 Qc7 13. Ne2 Bd6 14. Nf4 Nf6 15. Rc1 O-O 16. Bd3 Qe7 17. O-O b6 18. e4 dxe4 19. Nxe4 Nxe4 20. Bxe4 Bxf4 21. Rxf4 Bd7 22. Qe3 Rac8 23. Rcf1 f6 24. Rxf6 1-0

[Event "DSOL 2021"]
[Site "Germany"]
[Date "2021.03.03"]
[Round "5.2"]
[White "Lenz, Thomas"]
[Black "Wolf, Stefan"]
[Result "0-1"]
[WhiteElo "2248"]
[BlackElo "1896"]
[Annotator "TA"]
[PlyCount "72"]
[EventDate "2021.01.18"]
[EventType "team-tourn"]
[EventCountry "GER"]
[SourceTitle "playchess.com"]
[Source "ChessBase"]
[SourceQuality "1"]

1. e4 c5 2. Nc3 Nc6 3. d3 g6 4. f4 Bg7 5. Nf3 e6 6. g3 Nge7 7. Bg2 O-O 8. O-O d5 9. e5 a6 10. a4 Rb8 11. Nh4 b5 12. axb5 axb5 13. Bd2 Qc7 14. g4 Bd7 15. Ne2 f6 16. f5 Nxe5 17. fxe6 Bxe6 18. Nf4 Bf7 19. Nh3 Qd7 20. Nf2 g5 21. Nf5 Nxf5 22. gxf5 h5 23. d4 cxd4 24. Bb4 Rfc8 25. Qxd4 Nc6 26. Qd2 Nxb4 27. Qxb4 Rxc2 28. Qb3 Rc4 29. Qd3 Rd8 30. Nd1 Qc7 31. Ne3 Rh4 32. h3 g4 33. Nxd5 Qc5+ 34. Qe3 Rxd5 35. Ra8+ Kh7 36. Bxd5 Qxe3+ 0-1

[Event "DSOL 2021"]
[Site "Germany"]
[Date "2021.03.05"]
[Round "5.2"]
[White "Junker, Reiner"]
[Black "Wielebinski, Paul Martin"]
[Result "0-1"]
[WhiteElo "2238"]
[BlackElo "2067"]
[Annotator "TA"]
[PlyCount "62"]
[EventDate "2021.01.18"]
[EventType "team-tourn"]
[EventCountry "GER"]
[SourceTitle "playchess.com"]
[Source "ChessBase"]
[SourceQuality "1"]
[WhiteTeam "SK Ludwigshafen I"]
[BlackTeam "SV Osnabrück"]

1. g3 g6 2. Bg2 Bg7 3. c4 c5 4. Nc3 Nc6 5. e4 Nf6 6. Nge2 O-O 7. O-O d6 8. d3 Rb8 9. h3 a6 10. a4 Ne8 11. Be3 Nc7 12. d4 cxd4 13. Nxd4 Ne6 14. Nde2 Nc5 15. f4 Be6 16. b3 Qa5 17. Rc1 Qb4 18. Bxc5 Qxc5+ 19. Kh2 Qh5 20. Qd3 Bg4 21. Rce1 e6 22. Rf2 Rfd8 23. f5 Ne5 24. Qc2 Bh6 25. Nf4 Bxf4 26. gxf4 Nf3+ 27. Bxf3 Qxh3+ 28. Kg1 Bxf3 29. Rh2 Qg3+ 30. Kf1 Bg4 31. Qd2 Bh3+ 0-1